| 000 | 00451nam a22001817a 4500 | ||
|---|---|---|---|
| 003 | CEME | ||
| 005 | 20210628203958.0 | ||
| 008 | 210309b xxu||||| |||| 00| 0 eng d | ||
| 020 | _a0-15-501843-4 | ||
| 040 | _c. | ||
| 082 | _a621.38173 BEN'A | ||
| 100 |
_aBennett, Paul.E _968111 |
||
| 245 | _aAdvanced circuit analysis | ||
| 260 |
_aPHILLADELPHIA _bHB SAUNDERS _c1992 |
||
| 300 | _a294P | ||
| 650 |
_aCIRCUIT ANALYSIS _968112 |
||
| 942 |
_cBK _2ddc |
||
| 999 |
_c575755 _d575755 |
||